[One Piece] Habitants de Cocoyashi - Statistiques

Statistiques générales
  • Ce quiz a été pris 48 fois
  • Le résultat moyen est 6 sur 10
Statistiques - réponses
Par images Réponse % Correct
Nami
100%
Belmer
94%
Nojiko
91%
Genzo
88%
Yosaku
74%
Johnny
71%
Chabo
38%
Daddy Dee
32%
Nakoh
26%
Mamy Mee
15%
Aucun quiz correspondant
Distribution des résultats
% des personnes avec chaque résultat
Percentile par nombre de réponses
Votre historique - résultats
Vous n’avez pas pris ce quiz